000 00566nam a2200217 a 4500
001 BRCA_7440
005 20190320205833.0
008 110413s1942----nyu#######---#000-0#eng-#
041 _aeng
044 _anyu
050 4 _aNC1426
_b.B47 1942
245 1 0 _aBest cartoons of the year
_ced. Lawrence Lariar.
260 _aNueva York
_bCrown
_c1942
300 _a1 v. (sin paginación)
500 _aQ193
650 1 4 _aCaricaturas
_912867
650 1 4 _aHumorismo estadounidense
_910411
700 1 _aLariar, Lawrence
_eed.
_918326
902 _aGFM
942 _2lcc
_cB
999 _c7116
_d7116